000 01480nam a22002537a 4500
005 2011040806576.0
020 _a8182632056
_c20.00
035 _aB-432529-533
037 _aDPL
_bBlue Berry
082 _aS
100 _aMani, Vidya
_929860
245 _aThe quirquincho and the fox :
_cretold by Vidya Mani ; illustrated by Greystroke
_ba folktale from argentina /
250 _a3rd
260 _aNew Delhi
_bPratham Books
_c2010
270 _a633-634,4th "C" Main,6th 'B' Cross, OMBR Layout Banaswadi,
_bBangalore
_e560043
_k911141042483 (New Delhi)
300 _aunpaged.
_bill.
_c23cm.(pbk)
942 _2ddc
_cCH
_hS
_mMAN
999 _c51520
_d51520